Rishone Ramat-Gan / (Record no. 31337)

MARC details
000 -LEADER
fixed length control field 00696cam a22002411 4500
001 - CONTROL NUMBER
control field he 65001340
003 - CONTROL NUMBER IDENTIFIER
control field DLC
005 - DATE AND TIME OF LATEST TRANSACTION
control field 20260227111433.0
008 - FIXED-LENGTH DATA ELEMENTS--GENERAL INFORMATION
fixed length control field 830526s1965 is ach 000 0 heb
010 ## - LIBRARY OF CONGRESS CONTROL NUMBER
LC control number he 65001340
035 ## - SYSTEM CONTROL NUMBER
System control number (OCoLC)19138056
040 ## - CATALOGING SOURCE
Original cataloging agency DLC
Transcribing agency MH
Modifying agency CU
-- DLC
042 ## - AUTHENTICATION CODE
Authentication code premarc
043 ## - GEOGRAPHIC AREA CODE
Geographic area code a-is---
050 00 - LIBRARY OF CONGRESS CALL NUMBER
Classification number DS110.R325
Item number R57
245 00 - TITLE STATEMENT
Title Rishone Ramat-Gan /
Statement of responsibility, etc. [ha-ʻorkhim Yiśraʼel Eldad, Yosef Fefer]
260 ## - PUBLICATION, DISTRIBUTION, ETC.
Place of publication, distribution, etc. [Ramat Gan] :
Name of publisher, distributor, etc. [ʻIriyat Ramat Gan],
Date of publication, distribution, etc. [1965]
300 ## - PHYSICAL DESCRIPTION
Extent 271 p. :
Other physical details ill., facsims., ports. ;
Dimensions 28 cm.
651 #0 - SUBJECT ADDED ENTRY--GEOGRAPHIC NAME
Geographic name Ramat-Gan (Israel)
700 1# - ADDED ENTRY--PERSONAL NAME
Personal name Pfefer, Yosef.
700 1# - ADDED ENTRY--PERSONAL NAME
Personal name Eldad, Israel,
Dates associated with a name 1910-1996.
752 ## - ADDED ENTRY--HIERARCHICAL PLACE NAME
Country or larger entity Israel
City Ramat Gan

No items available.

Powered by Koha